00745 a2200181 4500003000500000005001700005010001600022020001500038040000900053082001100062100001700073245005000090260003400140300005100174505027600225538003000501650003200531Nust20170207153301.0 a 75041008 a0404146392 cNust00a591.551 aAllee, W. C.14aThe social life of animals /cby W. C. Allee. aNew York :bAMS Press,c1976. a293 p., [5] leaves of plates :bill. ;c19 cm. aScience Versus Metaphysics (Page-1) History and Natural History (Page-6) Beginnings of Co-operation (Page-35) Aggregations of Higher Animals (Page-72) Group Behavior (Page-112) Group Organisation (Page-152) Some Human Implications (Page-185) Social Transitions (Page-218) aAlmirah No 18. Shelf No.6 0aSocial behavior in animals.